Detalles MARC
| 000 -CABECERA |
| Longitud fija campo de control |
01945nam a2200385 c 4500 |
| 003 - • IDENTIFICADOR DELl NÚMERO DE CONTROL |
| Identificador del número de control |
CO-BoRNBP |
| 005 - • FECHA Y HORA DE LA ÚLTIMA TRANSACCIÓN |
| Fecha y hora de la última transacción |
20250714120827.0 |
| 007 - • CAMPO FIJO DE DESCRIPCIÓN FÍSICA |
| Campo fijo de descripción física |
ta |
| 008 - • CÓDIGOS DE INFORMACIÓN DE LONGITUD FIJA |
| Códigos de información de longitud fija |
231207s2023 ck a|||ar ||| 00| 1 spa d |
| 020 ## - • NÚMERO INTERNACIONAL NORMALIZADO PARA LIBROS |
| Número Internacional Normalizado para Libros (ISBN) |
9786287609143 |
| 040 ## - FUENTE DE LA CATALOGACIÓN |
| Centro catalogador de origen |
CO-BoRNBP |
| Lengua de catalogación |
spa |
| Normas de descripción |
rda |
| Centro transcriptor |
CO-BoRNBP |
| 041 0# - • CÓDIGO DE LENGUA |
| Código de lengua del texto/banda sonora o título independiente |
spa |
| 043 ## - CÓDIGO DE ÁREA GEOGRÁFICA |
| Código de área geográfica |
s-ve-- |
| 084 ## - • Clasificación Local Alfanúmerica PNLB |
| Número de clasificación |
C |
| 100 ## - • PUNTO DE ACCESO PRINCIPAL-NOMBRE DE PERSONA |
| Nombre de persona |
París, Ramón, |
| Fechas asociadas al nombre |
1969- |
| Término indicativo de función |
aut |
| 245 10 - • TITULO PROPIAMENTE DICHO |
| Título |
Cuentos bailables / |
| Mención de responsabilidad, etc. |
Ramón París ; selección musical de Pablo Larraguibel. |
| 250 ## - • MENCIÓN DE EDICIÓN |
| Mención de edición |
Edición Especial |
| 264 #1 - PRODUCCIÓN, PUBLICACIÓN , DISTRIBUCIÓN, FABRICACIÓN Y COPYRIGHT |
| Lugar de producción, publicación, distribución, fabricación |
Bogotá, Colombia : |
| Nombre del productor, editor, distribuidor, fabricante |
Babel, |
| Fecha de de producción, publicación, distribución, fabricación o copyright |
2023 |
| 300 ## - • DESCRIPCIÓN FÍSICA |
| Extensión |
33 páginas : |
| Otras características físicas |
ilustraciones a color |
| 336 ## - TIPO DE CONTENIDO |
| Término de tipo de contenido |
texto |
| Código de tipo de contenido |
txt |
| Fuente |
rdacontent |
| 337 ## - TIPO DE MEDIO |
| Nombre del tipo de medio |
sin mediación |
| Código del tipo de medio |
n |
| Fuente |
rdamedia |
| 338 ## - TIPO DE SOPORTE |
| Nombre del tipo de soporte |
volumen |
| Código del tipo de soporte |
nc |
| Fuente |
rdacarrier |
| 500 ## - • NOTA GENERAL |
| Nota general |
Incluye información biográfica de los autores |
| 505 0# - • NOTA DE CONTENIDO CON FORMATO |
| Nota de contenido con formato |
Lado A: 1. se va el caimán. -- 2. No critiques. --3. e. otorrino laringólogo. -- 4 El orangután. Lado B: 5. El camaleón. -- 6. La piragua. -- 7Pare, cochero. -- 8. La parranda de los clásicos |
| 520 3# - • NOTA DE RESUMEN |
| Resumen, etc, |
Este libro-disco ilustrado para contar, cantar y bailar es un homenaje a la música popular caribeña, aquella que ha bailado todo el mundo. Es también una historia que atraviesa ocho canciones-cuento y que rememora con su sonido una época de salones de baile y de parranda callejera; de noche urbana y de fiesta en la playa. Un libro que desprende energía y celebra la vida y la buena música bailable, aquella que puede ser disfrutada por adultos y niños |
| 521 ## - • NOTA DE PÚBLICO DESTINATARIO |
| Nota público destinatario (R ) |
Recomendado para un público infantil a partir de los 6 años |
| 650 07 - • PUNTO DE ACCESO ADICIONAL DE MATERIA - TÉRMINO DE MATERIA |
| Término de materia o nombre geográfico como elemento inicial |
Cuentos infantiles venezolanos |
| Subdivisión cronológica |
siglo xxi |
| Fuente del encabezamiento o término |
lemb |
| 650 07 - • PUNTO DE ACCESO ADICIONAL DE MATERIA - TÉRMINO DE MATERIA |
| Término de materia o nombre geográfico como elemento inicial |
Folclor venezolano en la literatura |
| Fuente del encabezamiento o término |
lemb |
| 650 07 - • PUNTO DE ACCESO ADICIONAL DE MATERIA - TÉRMINO DE MATERIA |
| Término de materia o nombre geográfico como elemento inicial |
Literatura infantil venezolana |
| Subdivisión cronológica |
siglo xxi |
| Fuente del encabezamiento o término |
lemb |
| 650 07 - • PUNTO DE ACCESO ADICIONAL DE MATERIA - TÉRMINO DE MATERIA |
| Término de materia o nombre geográfico como elemento inicial |
Música en la literatura |
| Fuente del encabezamiento o término |
lemb |
| 700 ## - • PUNTO DE ACCESO ADICIONAL - NOMBRE DE PERSONA |
| Nombre de persona |
Larraguibel, Pablo |
| Término indicativo de función |
comp |
| 700 ## - • PUNTO DE ACCESO ADICIONAL - NOMBRE DE PERSONA |
| Nombre de persona |
París, Ramón |
| Término indicativo de función |
ill |
| 942 ## - ENTRADA DE ELEMENTOS AGREGADOS (KOHA) |
| Fuente de clasificaión o esquema |
|
| Koha [por defecto] tipo de item |
Literatura Infantil |